000 00541nam a2200181 4500
001 120917
003 ES-MaACL
005 20230906191640.0
007 t|
008 070214s1986 xxk r ||||1| eng d
020 _a0-333-39200-0
100 1 _aPomfret, Richard.
_992923
245 1 0 _aMediterranean policy of the European Community
_b: a study of discrimination in trade /
_cRichard Pomfret.
250 _a1ยช. ed.
260 _aLondon :
_bMacmillan,
_c1986.
300 _aXV, 128 p. ;
_c23 cm.
852 _aES-MaACL
_jL-10274
_bR.11831
999 _c120917
_d120917